LEADER 01227nam a2200289 u 4500 001 000000030100 003 CaOOAMICUS 005 20070226112005.0 008 970904s1970 it u000 u ita u 035 $a10768535 040 $aPUL(R)$bita 041 1 $aita$heng 100 1 $aDodd, Charles Harold,$d1884-1973.$0(OLS)http://pul/name/662 240 10$aAuthority of the Bible.$lItaliano.$0(OLS)http://pul/title/41317 245 12$aL'autorità della Bibbia /$cCharles Harold Dodd ; edizione italiana a cura di Antonio Ornella. 260 $ $bBrescia :$bPaideia,$c1970. 300 $a304 p. ;$c21 cm 490 1 $aBiblioteca di cultura religiosa ;$v21 630 04$aBiblia$xCritica e interpretazione.$0(OLS)http://pul/subject/2023 700 1 $aOrnella, Antonio.$0(OLS)http://pul/name/663 830 0$aBiblioteca di cultura religiosa (Paideia) ;$v21.$0(OLS)http://pul/title/98 850 $aPUL 852 $aPUL$W1$xSL Religione 1$y3$m1 B 5$j41603$nBK-PRI$b $qStampati$B41603$CPULBib$Z2$F41603 $H $81 941 1 $a8 961 $aINV: 35517 996 $6245$aL'autorità della Bibbia$9(OLS)http://pul/title/41318 996 $6260$ :$bBrescia :$bPaideia$9(OLS)http://pul/publisher/60552 LEADER 01265nam a2200289 u 4500 001 000000060472 003 CaOOAMICUS 005 20070226120921.0 008 010724s1977 gw u000 u ger u 020 $a3451020777 035 $a10898309 040 $aPUL(R)$bita 100 1 $aSchaeffler, Richard.$0(OLS)http://pul/name/41363 245 10$aAnkunft Gottes und Handeln des Menschen :$bThesen über Kult und Sakrament /$cRichard Schaeffler, Peter Hünermann. 260 $aFreiburg :$bHerder,$c1977. 300 $a87 p. ;$c23 cm 490 1 $aQuaestiones disputatae ;$v77 504 $aBibliografia in nota. 650 4$aSacramenti.$0(OLS)http://pul/subject/763 700 1 $aHünermann, Peter.$0(OLS)http://pul/name/40354 830 0$aQuaestiones disputatae (Herder) ;$v77.$0(OLS)http://pul/title/18243 850 $aPUL 852 $aPUL$W1$xSL Religione 2$y84$mTheol A6 77$j78844$nBK-PRI$b $qStampati altre collocazioni$B78844$CPULBib$Z2$F78844 $H $81 941 1 $a10 996 $6020$a3451020777$9(OLS)http://pul/number/77913 996 $6245$aAnkunft Gottes und Handeln des Menschen :$bThesen über Kult und Sakrament$9(OLS)http://pul/title/80830 996 $6260$aFreiburg :$bHerder$9(OLS)http://pul/publisher/48354